Life is Strange Quiz - Statistics

General Stats
  • This quiz has been taken 841 times
  • The average score is 8 of 11
Answer Stats
Hint Answer % Correct
Who do you play as? Maxine Caulfield
99%
Who does the character save from being shot in the restroom? Chloe Price
91%
What year was the game released? 2015
85%
Where does the game take place? Arcadia Bay, Oregon
83%
What is the name of the school the character attends? Blackwell Academy
71%
What do you discover you have the ability to do? Rewind Time
67%
Who is missing, later hinted she is buried by a secret hideout? Rachel Amber
64%
What view is the game in? Third Person
62%
Who published the game? Square Enix
56%
Who is drugging and kidnapping young girls in the game? Mark Jefferson
55%
Who is the head of security at the school? David Madsen
40%
No matching quizzes found
Score Distribution
Percent of People with Each Score
Percentile by Number Answered
Your Score History
You have not taken this quiz